000
00205 a2200097 4500
001
14194
100
_a
Daves T.V
245
_a
An English class book
260
_a
London
_b
G Bell
_c
090
_c
11137
_d
11137
942
_a
NUST-CAE
_c
M
_c
1267
999
_c
249267
_d
249267